00546cam a22002051i 450000100060000000300080000600500170001400800410003103500190007203500190009104000470011004100080015708200200016510000230018524500390020825000120024726000430025930000210030265000170032316945BD-RjUL20211209000053.0140215s1961 nyu 000 0 eng d a(BD-RjUL)17001 a(OCoLC)3149657 aDLCcIaFairMdFOdOCoLCdDLCdBD-RjULbeng aeng00a813.5bFLA 19611 aFleming, Thomas J.10aAll good men /cThomas J. Fleming. a1st ed. aGarden City, N.Y. :bDoubleday,c1961. a402 p. ;c22 cm. 0aAll good men